Equilibrio y análisis químico

Guardat en:
Dades bibliogràfiques
Autor principal: Ramette, Richard W (Autor)
Format: Llibre
Idioma:espanyol
Publicat: Ciudad de México Fondo Educativo Interamericano 1983
Matèries:
Etiquetes: Afegir etiqueta
Sense etiquetes, Sigues el primer a etiquetar aquest registre!

MARC

LEADER 00000nam a2200000 a 4500
001 UCW2622
003 CL-VaPUC
008 900110e19830000MX |||||||||||||||||spa|d
082 0 4 |a 545  |b RAM  |2 21 
100 0 |a Ramette, Richard W  |e author  |9 306878 
245 1 0 |a Equilibrio y análisis químico 
300 |a 791 p 
942 |c BK 
945 |d 19900110 00:00:00 
260 |a Ciudad de México  |b Fondo Educativo Interamericano  |c 1983 
650 0 |a Equilibrio químico   |9 259943 
650 0 |a Química analítica cuantitativa  |9 259571 
583 |a last modification  |c 19900110 00:00:00  |k Rodrigo Vera 
999 |c 217135  |d 217133 
952 |0 0  |1 0  |4 0  |6 545_000000000000000_RAM_1983  |7 0  |8 A  |9 203761  |a BIBCUR  |b BIBCUR  |d 2019-11-15  |i 2710382  |o 545 RAM 1983  |p 2710382  |r 2025-04-22  |w 2019-11-15  |y BK  |k QUI